In What Way Is It Sustainable? : Developing a Multi-Criteria Method for Sustainability Assessment of Socio-technical Systems.

Bibliographic Details
Main Author: Lindfors, Axel.
Format: eBook
Language:English
Published: Linköping : Linkopings Universitet, 2022.
Edition:1st ed.
Subjects:
Online Access:Click to View
LEADER 01728nam a22003493i 4500
001 EBC6961499
003 MiAaPQ
005 20240729202203.0
006 m o d |
007 cr cnu||||||||
008 240729s2022 xx o ||||0 eng d
020 |a 9789179292263  |q (electronic bk.) 
035 |a (MiAaPQ)EBC6961499 
035 |a (Au-PeEL)EBL6961499 
035 |a (OCoLC)1314627123 
040 |a MiAaPQ  |b eng  |e rda  |e pn  |c MiAaPQ  |d MiAaPQ 
100 1 |a Lindfors, Axel. 
245 1 0 |a In What Way Is It Sustainable? :  |b Developing a Multi-Criteria Method for Sustainability Assessment of Socio-technical Systems. 
250 |a 1st ed. 
264 1 |a Linköping :  |b Linkopings Universitet,  |c 2022. 
264 4 |c {copy}2022. 
300 |a 1 online resource (85 pages) 
336 |a text  |b txt  |2 rdacontent 
337 |a computer  |b c  |2 rdamedia 
338 |a online resource  |b cr  |2 rdacarrier 
505 0 |a Intro -- Abstract -- Sammanfattning -- Acknowledgements -- List of appended papers -- Related publications -- Table of contents -- 1 INTRODUCTION -- 2 THEORY -- 3 RESEARCH APPROACH AND METHODS -- 4 RESULTS AND ANALYSIS -- 5 DISCUSSION -- 6 CONCLUSION -- References. 
588 |a Description based on publisher supplied metadata and other sources. 
590 |a Electronic reproduction. Ann Arbor, Michigan : ProQuest Ebook Central, 2024. Available via World Wide Web. Access may be limited to ProQuest Ebook Central affiliated libraries.  
655 4 |a Electronic books. 
776 0 8 |i Print version:  |a Lindfors, Axel  |t In What Way Is It Sustainable?  |d Linköping : Linkopings Universitet,c2022 
797 2 |a ProQuest (Firm) 
856 4 0 |u https://ebookcentral.proquest.com/lib/matrademy/detail.action?docID=6961499  |z Click to View